000
00288nam a2200121 a 4500
005
20140414131923.0
008
101023s19uu xx 00 eng d
050
_a
ER
_b
Ug6 199?
100
_a
245
_a
The ugly duckling.
260
_a
Tokyo :
_b
Froebel-Kan,
_c
199?.
999
_c
111843
_d
111843